Parc Natural del Montseny : activitats : itineraris guiats : tardor-hivern de 1998 activitats :
Descripción Física:
1 tríptic ; 21 cm
MARC
| LEADER | 00000nam a2200000Ia 4500 | ||
|---|---|---|---|
| 001 | 24537 | ||
| 008 | 160829s9999 xx 000 0 cat d | ||
| 080 | |a FU-67-32 | ||
| 245 | |a Parc Natural del Montseny : |b activitats : |b itineraris guiats : |b tardor-hivern de 1998 | ||
| 260 | |a [Barcelona] : |b Diputació de Barcelona. Serveis de Parcs Naturals, DL 1998 | ||
| 300 | |a 1 tríptic ; |c 21 cm | ||
| 590 | |a Inclou els diversos programes dels cursos ofertats | ||
| 610 | 0 | |a Parc Natural del Montseny (Catalunya) |x Activitats culturals |9 53382 | |
| 710 | |a Barcelona (Catalunya : Província). |b Servei de Parcs Naturals |9 53492 | ||
| 901 | |a Arxiu | ||
| 942 | |n 1 | ||
| 952 | |0 0 |1 0 |4 0 |6 FU6732 |7 1 |9 55886 |a Arxiu |b Arxiu |d 2016-12-01 |l 0 |o FU-67-32 |p 24537 |r 2016-12-01 00:00:00 |w 2016-12-01 |y ARXIU | ||
| 999 | |c 59759 |d 59759 | ||